000 00645nam a2200217 4500
003 OSt
005 20240725004623.0
006 a
008 240725b |||||||| |||| 00| 0 eng d
020 _a9780071276290
040 _aDWCL-Main lib.
_cOC
082 _2Seventh edition
_aCirc. 330.9173 Os81u 2009
100 _aArthur O’Sullivan
245 _aUrban economics /
250 _aSeventh edition
260 _aNew York :
_bMcGraw-Hill,
_cc2009.
300 _axxix,
_b466p. : ill. ;
_c24cm.
504 _aIncludes bibliographical references & index.
650 _a1. Urban economics.
942 _2ddc
_n0
_cBK-CIRC
_eSeventh edition
_kCirc.
999 _c2689
_d2689